[Event "Groningen Festival 2018"]
[Site "Groningen"]
[Date "2018.12.23"]
[Round "2"]
[White "De Jong, Migchiel"]
[Black "Lavda, Ottomar"]
[Result "0-1"]
[WhiteElo "2323"]
[BlackElo "2497"]
[Annotator "TA"]
[PlyCount "89"]
[EventDate "2018.12.22"]
[EventType "swiss"]
[EventCountry "NED"]
[SourceTitle "playchess.com"]
[Source "ChessBase"]
[SourceQuality "1"]

{[%evp 17,89,13,26,0,-17,-31,-27,-18,-29,-20,-23,-35,-29,-56,0,0,0,0,0,0,0,-49,-53,-68,-56,-67,-45,-79,-82,-111,-111,-117,-68,-79,-64,-117,-123,-119,-122,-120,-121,-145,-119,-158,-86,-103,0,0,0,-110,-105,-101,-101,-101,-102,-111,-112,-116,-117,-119,-110,-142,-82,-166,-166,-158,-166,-167,-135,-112,-100,-201,-213,-1296]} 1. e4 g6 2. d4 Bg7 3. Nf3 d6 4. Be2 Nf6 5. Nc3 a6 6. O-O O-O 7. a4 b6 8. Be3 {B08: Pirc Defence: Classical System} (8. h3 Bb7 9. d5 c6 10. Be3 cxd5 11. exd5 Nbd7 12. Qd2 Rc8 13. Rfd1 Nc5 14. Qe1 Nce4 15. Nxe4 Nxe4 16. c3 a5 {0-1 (49) Caruana,F (2802)-Nakamura,H (2786) chess.com INT 2017}) 8... Bb7 9. Nd2 e6 {LiveBook: 5 Games} 10. f4 {White has an edge.} c5 11. dxc5 bxc5 12. e5 $146 ({Predecessor:} 12. Bf3 Qc7 13. Nc4 Rd8 14. a5 Nc6 15. Rf2 d5 16. exd5 exd5 17. Nxd5 Nxd5 18. Bxd5 {½-½ (23) Wallner,A (2256)-Beim,V (2523) Austria 2008}) 12... Nd5 13. Nxd5 exd5 14. Bf3 dxe5 {Threatens to win with ...e4.} 15. Bxc5 e4 (15... Re8 $1 $15 16. fxe5 Bxe5) 16. Bxf8 $11 Qxf8 17. Be2 Nc6 {[%cal Bb8c6,Bc6d4,Bd4c2,Bc2e3][%mdl 32]} 18. c3 Rd8 19. Nb3 d4 $36 {[%mdl 2048] Black has good play.} 20. cxd4 Bxd4+ 21. Nxd4 Nxd4 22. Kh1 e3 {[%mdl 1024] Black has strong compensation.} 23. Bc4 Qe7 {...e2 is the strong threat.} 24. Qg4 Nc2 25. Rad1 {[#]} Rd2 $1 {[%cal Rd2g2]} 26. Rxd2 ({White should play} 26. Rg1 $15) 26... exd2 $17 27. Qe2 Ne3 28. Qxd2 {aiming for Re1.} Nxc4 29. Qf2 Nd6 30. Re1 Qd7 (30... Qf6 $142 31. a5 h5) 31. Qd2 Qc6 (31... h6 $17 32. f5 gxf5 33. Qxh6 Ne4) 32. Rc1 $11 Qd7 33. f5 (33. Re1 $1 $11) 33... Qe7 $17 34. fxg6 hxg6 ({Don't play} 34... fxg6 35. b4 $15) 35. Rd1 Qe4 36. Re1 Qg4 37. Kg1 Nf5 38. Re8+ Kh7 {And now ...Nh4 would win.} 39. h3 Qg3 ({Black should try} 39... Qxa4 40. Rf8 Kg7) 40. Qf2 (40. a5 $17) 40... Qb3 $19 41. a5 {[#]} Qb5 $1 {[%cal Rb5e8]} 42. Rb8 Qc6 43. b4 Qe4 44. b5 (44. Qd2 $17) 44... axb5 45. Qb2 $2 {Accuracy: White = 43%, Black = 74%.} (45. Qd2) 0-1

[Event "Groningen Festival 2018"]
[Site "Groningen"]
[Date "2018.12.23"]
[Round "2"]
[White "Kabos, Tobias"]
[Black "Warmerdam, Max"]
[Result "1/2-1/2"]
[WhiteElo "2299"]
[BlackElo "2433"]
[Annotator "TA"]
[PlyCount "45"]
[EventDate "2018.12.22"]
[EventType "swiss"]
[EventCountry "NED"]
[SourceTitle "playchess.com"]
[Source "ChessBase"]
[SourceQuality "1"]

{[%evp 12,45,79,16,21,7,31,28,29,33,28,28,39,38,70,60,53,46,45,27,18,26,35,0,65,40,61,0,0,0,52,0,0,0,43,0]} 1. d4 Nf6 2. c4 c5 3. d5 g6 4. Nc3 Bg7 5. Nf3 O-O 6. Bf4 d6 7. h3 {LiveBook: 69 Games. E61: King's Indian: Early deviations for White, including Smyslov System} (7. e4 $16) 7... Nh5 $11 (7... Qa5 8. Bd2 Qb6 9. e4 e6 10. Bd3 exd5 11. exd5 Qxb2 12. Rb1 Qa3 13. O-O Na6 14. Rb3 Qa5 {0-1 (40) Barnaure,V (2508)-Van Kampen,R (2626) Jerusalem 2015}) 8. Bh2 Bxc3+ 9. bxc3 Qa5 $146 ({Predecessor:} 9... Nd7 10. e4 Qa5 11. Qd2 Ndf6 12. Bd3 e5 13. dxe6 Bxe6 14. Ng5 Qc7 {1-0 (26) Tosic,M (2461)-Popadic,D (2240) Budva 2003}) 10. Qb3 f5 11. e3 Nd7 12. Bd3 Nb6 13. O-O Qa6 14. Qc2 Qa4 15. Qe2 Nf6 16. Rac1 Bd7 17. Nd2 Qxa2 (17... Rae8 $11) 18. Ra1 $14 Qb2 19. Rfb1 (19. Rfc1 $1 $14 Ne4 20. Nxe4 Qxe2 21. Bxe2 fxe4 22. Ra2) 19... Qxc3 $11 20. Rc1 Qb4 ({Black should play} 20... Qb2 $11) 21. Rcb1 {[%mdl 1024] White has compensation.} (21. Qd1 $5 {[%cal Rc1b1]}) 21... Qc3 22. Rc1 Qb4 23. Rcb1 {Accuracy: White = 48%, Black = 70%.} 1/2-1/2

[Event "Groningen Festival 2018"]
[Site "Groningen"]
[Date "2018.12.23"]
[Round "2"]
[White "Kabos, Tobias"]
[Black "Warmerdam, Max"]
[Result "*"]
[WhiteElo "2299"]
[BlackElo "2433"]
[Annotator "RC"]
[PlyCount "82"]
[EventDate "2018.12.22"]
[EventType "swiss"]
[EventCountry "NED"]
[SourceTitle "playchess.com"]
[Source "ChessBase"]
[SourceQuality "1"]
[TimeControl "40/5400+30:1800+30"]

1. d4 {[%emt 0:00:00]} e6 {[%emt 0:03:31]} 2. Bf4 {[%emt 0:03:35]} c5 {[%emt 0:01:52]} 3. e3 {[%emt 0:02:54]} Qb6 {[%emt 0:01:55]} 4. b3 {[%emt 0:03:45]} Nf6 {[%emt 0:02:28]} 5. Nf3 {[%emt 0:01:19]} Nc6 {[%emt 0:11:48]} 6. c3 {[%emt 0:09:53]} Be7 {[%emt 0:03:55]} 7. Bd3 {[%emt 0:04:14]} O-O {[%emt 0:02:00]} 8. Nbd2 {[%emt 0:11:06]} Nd5 {[%emt 0:14:31]} 9. Nc4 {[%emt 0:18:03]} Qd8 {[%emt 0:00:47]} 10. dxc5 {[%emt 0:00:56]} Bxc5 {[%emt 0:05:35]} 11. O-O {[%emt 0:10:08]} h6 {[%emt 0:07:51]} 12. Bg3 {[%emt 0:07:19]} Nxc3 {[%emt 0:04:18]} 13. Qc2 {[%emt 0:02:31]} Nd5 {[%emt 0:01:31]} 14. a3 {[%emt 0:00:31]} Be7 {[%emt 0:08:15]} 15. e4 {[%emt 0:04:20]} Nf6 {[%emt 0:02:00]} 16. e5 {[%emt 0:09:22]} Nh5 {[%emt 0:04:01]} 17. b4 {[%emt 0:02:18]} b5 {[%emt 0:07:36]} 18. Nd6 {[%emt 0:01:57]} Nxg3 {[%emt 0:02:27]} 19. hxg3 {[%emt 0:01:02]} Nxe5 {[%emt 0:02:13]} 20. Nxe5 {[%emt 0:00:32]} Bxd6 {[%emt 0:00:20]} 21. Qe2 {[%emt 0:00:27]} Rb8 {[%emt 0:05:27]} 22. Bxb5 {[%emt 0:00:43]} Qg5 {[%emt 0:01:29]} 23. f4 {[%emt 0:00:59]} Qxg3 {[%emt 0:00:59]} 24. Rf3 {[%emt 0:00:46]} Qh4 {[%emt 0:00:27]} 25. Bd3 {[%emt 0:00:43]} Bc7 {[%emt 0:01:41]} 26. g3 {[%emt 0:01:43]} Qh3 {[%emt 0:00:38]} 27. Qh2 {[%emt 0:00:06]} Bb6+ {[%emt 0:02:12]} 28. Kh1 {[%emt 0:00:01]} Qxh2+ {[%emt 0:00:20]} 29. Kxh2 {[%emt 0:00:03]} Bb7 {[%emt 0:01:13]} 30. Rff1 {[%emt 0:00:09]} Rfd8 {[%emt 0:00:35]} 31. Rac1 {[%emt 0:00:27]} Kf8 {[%emt 0:00:36]} 32. a4 {[%emt 0:01:20]} Bd5 {[%emt 0:00:40]} 33. Nc4 {[%emt 0:00:48]} Bd4 {[%emt 0:00:21]} 34. b5 {[%emt 0:00:26]} Ke7 {[%emt 0:00:43]} 35. Rfd1 {[%emt 0:01:44]} Rdc8 {[%emt 0:00:21]} 36. Be2 {[%emt 0:01:03]} Bf2 {[%emt 0:00:24]} 37. Ne5 {[%emt 0:00:33]} Be3 {[%emt 0:00:25]} 38. Rxc8 {[%emt 0:00:39]} Rxc8 {[%emt 0:00:07]} 39. Rd3 {[%emt 0:00:25]} Rc1 {[%emt 0:01:01]} 40. Bf3 {[%emt 0:00:20]} Bxf3 {[%emt 0:00:48]} 41. Nxf3 {[%emt 0:30:16]} Bb6 {[%emt 0:30:25]} *

[Event "Groningen Festival 2018"]
[Site "Groningen"]
[Date "2018.12.23"]
[Round "2"]
[White "Schippers, Maurice"]
[Black "Kislinsky, Alexey"]
[Result "0-1"]
[WhiteElo "2270"]
[BlackElo "2425"]
[Annotator "TA"]
[PlyCount "92"]
[EventDate "2018.12.22"]
[EventType "swiss"]
[EventCountry "NED"]
[SourceTitle "playchess.com"]
[Source "ChessBase"]
[SourceQuality "1"]

{[%evp 43,91,38,22,33,46,51,56,0,0,-14,-17,-44,0,-11,-11,-13,-5,-60,-50,-67,-55,-60,-50,-55,-40,-40,-14,-316,-255,-762,-350,-352,-338,-711,-388,-29978,-2404,-29986,-29987,-29984,-1132,-1100,-913,-900,-891,-5006,-4710,-1512,-1064,-29999]} 1. e4 c5 2. Nf3 Nc6 3. d4 cxd4 4. Nxd4 g6 5. c4 Bg7 6. Be3 Qb6 7. Nb3 Qd8 8. Nd4 Nf6 9. Nc3 O-O 10. Be2 d6 11. O-O Bd7 12. Qd2 Nxd4 13. Bxd4 Bc6 14. f3 a5 15. b3 Nd7 16. Be3 Nc5 17. Rab1 e6 18. Rfd1 {B38: Sicilian: Maroczy Bind with 5...Bg7 and 7...0-0} (18. a3 Be5 19. b4 axb4 20. axb4 Ra3 21. bxc5 Rxc3 22. f4 Bg7 23. e5 dxe5 24. Qxc3 exf4 25. Qd2 Qg5 {0-1 (43) Bu,X (2730)-Savchenko,B (2566) Riadh 2017}) 18... Be5 19. Bd4 Qe7 20. Bf1 Rad8 21. Qe3 Bxd4 22. Rxd4 e5 {LiveBook: 4 Games} 23. Rd2 f5 24. exf5 gxf5 25. f4 (25. Rbd1 $14) 25... Qg7 $146 ({Predecessor:} 25... Ne6 26. Ne2 Nc5 {½-½ (26) Korneev,O (2594)-Nguyen,P (2444) Skopje 2017}) 26. fxe5 f4 27. Qf2 Ne6 {[%cal Bc5e6,Be6d8,Bd8f7,Bf7g5,Bg5h3][%mdl 32]} 28. Rbd1 dxe5 {...Rde8 is the strong threat.} 29. Rxd8 Nxd8 30. c5 (30. Qb6 $11 f3 31. Nd5 (31. Rxd8 f2+ {[%mdl 64] Deflection} 32. Qxf2 Rxd8 $17)) 30... Nf7 $15 31. Bc4 Kh8 $1 32. Bd5 Ng5 $36 {[%mdl 2048] [#] aiming for ...Nh3+. White is under pressure.} 33. Kf1 f3 34. g3 $1 Bd7 {Threatens to win with ...e4.} 35. h4 $2 {[%mdl 8192]} (35. Rd2 $1 $11) 35... Nh3 $19 36. Qh2 $2 (36. Qe1 Nf4 37. Kf2) 36... Bg4 (36... f2 $142 37. Be4 Ng1) 37. Qd2 Bh5 38. Qh2 $2 (38. Qe1 f2 39. Qe3 Bxd1 40. Nxd1) 38... Qg4 39. Re1 $2 {[#]} (39. Bc4 $19 a4 40. Rc1) 39... f2 (39... Qd4 $142 40. Rd1 Qxc3 41. g4 Bxg4 42. Be4 f2 43. Rb1 Rf4 44. Qh1 Qd2 45. Bd3 Qxd3+ {[%mdl 64] Double Attack} 46. Kg2 Ng1 47. Rxg1 Qf3+ 48. Kf1 fxg1=Q+ 49. Kxg1 Qf2#) 40. Re4 Qf3 41. g4 Qxc3 (41... Rf4 $142 42. Rxf4 Qd3+ 43. Ne2 Qd1+ 44. Kg2 exf4 45. Kxh3 f1=Q+ {[%mdl 64] Double Attack} 46. Qg2 Qd3+ 47. Kh2 Qfxe2 48. Qxe2 Qxe2+ 49. Kg1 Be8 50. Bxb7 f3 51. Bxf3 Qxf3 52. h5 Bc6 53. h6 Qg2#) 42. Qxe5+ Qxe5 43. Rxe5 Bxg4 44. Bxb7 Ng1 {( -> ...Bh3+)} 45. Bg2 Nf3 {[%cal Rf3h2]} 46. Re2 Nh2# {Accuracy: White = 28%, Black = 68%.} 0-1

[Event "Groningen Festival 2018"]
[Site "Groningen"]
[Date "2018.12.23"]
[Round "2"]
[White "Baum, Bernd"]
[Black "Lahaye, Rick"]
[Result "0-1"]
[WhiteElo "2252"]
[BlackElo "2404"]
[Annotator "TA"]
[PlyCount "48"]
[EventDate "2018.12.22"]
[EventType "swiss"]
[EventCountry "NED"]
[SourceTitle "playchess.com"]
[Source "ChessBase"]
[SourceQuality "1"]

{[%evp 17,48,31,47,27,57,32,35,-45,37,13,16,0,0,-93,-93,-196,-166,-183,-21,-127,-136,-163,-154,-530,-522,-500,-486,-430,-450,-439,-441,-1093,-1063]} 1. c4 e6 2. g3 d5 3. Nf3 c6 4. b3 a5 5. Bb2 Nd7 $146 ({Predecessor:} 5... a4 6. Bg2 a3 7. Bc1 b5 8. O-O Nf6 9. d4 Be7 10. c5 b4 11. Ne5 Nfd7 12. Nd3 Na6 {1-0 (53) Bindrich,F (2558)-Bangiev,A (2409) Germany 2014}) 6. Nc3 {A13: English Opening: 1...e6} Ngf6 7. Bg2 Bd6 8. O-O O-O 9. Qc2 Qe7 {LiveBook: 3 Games} 10. Rad1 Rb8 11. d3 e5 12. e4 (12. cxd5 $14 Nxd5 13. d4) 12... dxc4 (12... d4 $15 13. Ne2 Nc5) 13. dxc4 Nc5 14. Nh4 g6 15. f4 (15. h3 $11 {keeps the balance.}) 15... exf4 $17 16. gxf4 (16. Ne2 $17 {was necessary.}) 16... Ng4 $19 17. Rxd6 Qxh4 $2 (17... Qxd6 $19 18. Ne2 f6) 18. h3 (18. Bh1 $11 {remains equal.}) 18... Ne3 $1 $17 {[%csl LRc2,LRf1,LRh3][%mdl 64] [#] Double Attack} 19. Qf2 Nxg2 $40 {[%mdl 128] White is in trouble.} 20. Qxc5 $2 (20. Ba3 $17 Na6 21. f5 Qxf2+ 22. Rxf2) 20... Nxf4 $19 {Black is clearly winning.} 21. Rxf4 Qg3+ 22. Kf1 {[#] aiming for Qf2.} Bxh3+ 23. Ke2 {Threatens to win with Qf2.} Qxf4 24. Qd4 (24. Kd1 $142) 24... Qh2+ {Accuracy: White = 16%, Black = 39%.} 0-1

[Event "Groningen Festival 2018"]
[Site "Groningen"]
[Date "2018.12.23"]
[Round "3"]
[White "Krasenkow, Michal"]
[Black "Cerveny, Martin"]
[Result "1-0"]
[WhiteElo "2630"]
[BlackElo "2347"]
[Annotator "TA"]
[PlyCount "41"]
[EventDate "2018.12.22"]
[EventType "swiss"]
[EventCountry "NED"]
[SourceTitle "playchess.com"]
[Source "ChessBase"]
[SourceQuality "1"]

{[%evp 19,41,64,120,68,125,125,147,123,177,173,187,181,231,190,511,512,418,247,804,788,832,837,839,832]} 1. Nf3 c5 2. c4 g6 3. d4 cxd4 4. Nxd4 Bg7 5. e4 Nc6 6. Be3 Nf6 7. Nc3 Ng4 8. Qxg4 Bxd4 9. Bxd4 Nxd4 10. O-O-O {B39: Sicilian: Maroczy Bind with 5...Bg7 and 7...Ng4} Nc6 {LiveBook: 4 Games} (10... d6 $14 11. Qh4 e5 12. Qxd8+ Kxd8) 11. Qh4 $146 (11. Qg3 $16) ({Predecessor:} 11. Qg3 Qa5 12. Rd5 Qb6 13. e5 Nd8 14. Rb5 Qa6 15. Nd5 Ne6 16. Nb4 Qa4 17. Be2 a6 {1-0 (30) Mareco,S (2598)-Sosa,T (2368) Asuncion 2015}) 11... h6 ({Black should try} 11... d6 $14) 12. f4 $16 {White is better.} a6 13. e5 b5 (13... Qa5 $16 {is a better defense.}) 14. cxb5 $18 axb5 15. Bxb5 Bb7 16. Rd2 Ra7 $2 (16... Qb6 17. Rhd1 Ba6) 17. Rhd1 Ba8 18. Kb1 $40 {[%mdl 128] White is out for blood.} (18. e6 $142 d6 19. Qg4) 18... Nb8 $2 {[#]} (18... Qb6 19. h3 Nb8) 19. e6 $1 {[%mdl 512] White is clearly winning.} fxe6 {[#]} 20. f5 $1 {[%cal Bf4f5,Bf5e6][%mdl 544]} Qb6 (20... exf5 21. Qd4) 21. fxe6 {Accuracy: White = 57%, Black =  7%.} 1-0

[Event "Groningen Festival 2018"]
[Site "Groningen"]
[Date "2018.12.23"]
[Round "3"]
[White "Plat, Vojtech"]
[Black "Rut, Vojtech"]
[Result "1-0"]
[WhiteElo "2550"]
[BlackElo "2140"]
[Annotator "TA"]
[PlyCount "69"]
[EventDate "2018.12.22"]
[EventType "swiss"]
[EventCountry "NED"]
[SourceTitle "playchess.com"]
[Source "ChessBase"]
[SourceQuality "1"]

{[%evp 9,68,16,19,7,53,23,78,25,149,146,152,158,154,139,120,110,123,123,118,116,112,114,118,81,243,145,162,152,152,153,156,153,164,159,192,116,132,135,467,475,470,456,502,565,494,495,491,468,1048,1004,5457,1130,1108,1092,2750,1067,29991,29992,29997,29998,29999]} 1. e4 g6 2. d4 Bg7 3. Nc3 c6 4. a4 d5 5. e5 Nh6 6. Bd3 {B06: Modern Defence} (6. Nf3 f6 7. Be2 Bg4 8. exf6 exf6 9. h3 Be6 10. a5 O-O 11. O-O Qc7 12. Na4 Nd7 13. Nc5 {1-0 (41) Yao,L (2273)-Himanshu,S (2498) Barcelona 2017}) 6... Bg4 $146 ({Predecessor:} 6... O-O 7. f4 f6 8. Nf3 Bg4 9. O-O fxe5 10. fxe5 e6 11. h3 Bxf3 12. Rxf3 c5 13. Nb5 {0-1 (36) Moldovan,C (2226)-Ionescu Brandis,I (2287) Sovata 1999}) 7. Nge2 Nd7 (7... f6 $11 {keeps the balance.}) 8. Bf4 (8. h3 $16 Bxe2 9. Qxe2 (9. Bxe2 f6 $11) (9. Nxe2 O-O $14)) 8... O-O (8... f6 $11) 9. Qd2 $16 Bxe2 10. Nxe2 Nf5 11. h4 c5 12. Bxf5 gxf5 13. Ng3 e6 {[#]} 14. Nh5 $1 Bh8 15. Rh3 f6 16. Bh6 $36 {[%mdl 2048] White is in control.} cxd4 $2 (16... fxe5 $16 {was necessary.} 17. Bxf8 Qxf8) 17. Bxf8 (17. Rg3+ $18 Kf7 18. Bxf8 (18. Qxd4 Rg8 $17) 18... Qxf8 19. exf6 (19. Qxd4 fxe5 20. Qd2 Nc5 $11)) 17... Qxf8 18. exf6 ({Weaker is} 18. Qxd4 fxe5 19. Qd3 e4 $11) 18... Nxf6 19. Rg3+ Kf7 {[#]} 20. Nxf6 $1 Bxf6 21. Qe2 Qh6 22. Kf1 ({White should try} 22. Rb3 $18) 22... Rc8 23. Re1 e5 $2 {[%mdl 8192]} (23... Re8 $16 {is tougher.} 24. Qb5 Re7) 24. Qb5 $1 $18 {[%csl LRb7,LRd5][%mdl 64] Double Attack} Ke6 25. Qxb7 {[%mdl 64] Double Attack} Rxc2 26. Qa6+ Kd7 27. Qxa7+ (27. Rxe5 Rc1+ 28. Re1 Rxe1+ 29. Kxe1 Qc1+ 30. Ke2 Qc2+ 31. Ke1 Qc1+ 32. Ke2 Qc2+ 33. Ke1 Qc1+ $11) 27... Rc7 28. Qa8 ({Not} 28. Qa5 Rc1 $18) 28... Kd6 (28... Rc1 $142 29. Qxd5+ Ke7) 29. Rb3 {Threatens to win with Rb6+.} Qxh4 30. Rb6+ (30. Qf8+ $142 Be7 31. Rb6+ Kc5 32. Qb8 Qh1+ 33. Ke2 d3+ {[%mdl 64] Decoy} 34. Kxd3 e4+ 35. Ke2 Qh5+ 36. f3) 30... Ke7 31. Qxd5 {g3 would kill now.} Qh1+ 32. Ke2 {White threatens Qe6+ and mate.} Rc2+ 33. Kd3 {White mates.} Qxe1 34. Rb7+ Kf8 35. Qf7# {Accuracy: White = 73%, Black = 30%.} 1-0

[Event "Groningen Festival 2018"]
[Site "Groningen"]
[Date "2018.12.23"]
[Round "3"]
[White "Pruijssers, Roeland"]
[Black "Schoppen, Casper"]
[Result "1/2-1/2"]
[WhiteElo "2520"]
[BlackElo "2431"]
[Annotator "TA"]
[PlyCount "75"]
[EventDate "2018.12.22"]
[EventType "swiss"]
[EventCountry "NED"]
[SourceTitle "playchess.com"]
[Source "ChessBase"]
[SourceQuality "1"]

{[%evp 28,75,19,7,2,11,22,0,0,0,-1,-38,-22,-26,-8,-40,-49,-41,-51,-30,0,0,0,-8,4,-9,0,-17,0,0,0,0,0,0,0,0,0,0,0,0,0,-37,-33,-34,0,0,0,0,0,0]} 1. e4 e5 2. Nf3 Nc6 3. Bc4 Nf6 4. d3 Bc5 5. O-O d6 6. c3 a6 7. Bb3 Ba7 8. Nbd2 {[%cal Bb1d2,Bd2f1,Bf1g3][%mdl 32]} O-O 9. h3 Be6 10. Re1 Re8 11. Nf1 h6 12. Bc2 {C54: Giuoco Piano: 4 c3 Nf6, main lines with 5 d4 and 5 d3} d5 13. exd5 Bxd5 14. Ng3 Qd7 15. b4 {LiveBook: 5 Games} b5 16. a4 Rad8 {[#]} 17. Nh4 $146 ({Predecessor:} 17. axb5 axb5 18. Nh4 Bb6 19. Nhf5 Ne7 20. Nxg7 Kxg7 21. Rxe5 {0-1 (36) Nisipeanu,L (2683)-Mamedyarov,S (2743) Reykjavik 2015}) 17... Bb6 18. Nhf5 Ne7 19. Rxe5 Nxf5 20. Rxf5 {[#] And now a5 would win.} Qc6 $1 21. axb5 axb5 22. c4 Bxc4 $1 {White must now prevent ...Bd4.} 23. Bb2 {Rxf6 is the strong threat.} Bd4 24. Bxd4 Rxd4 25. Rc5 $132 {[%mdl 2048] White has counterplay} Qe6 26. Nf5 Rd7 27. Qf1 (27. Qf3 {feels hotter.} Bd5 28. Qf4 c6 29. d4 Ne4 30. Qg4) 27... Bb3 28. Bxb3 Qxb3 {[%mdl 64] [#] Double Attack} 29. Rxb5 Qxd3 30. Qxd3 Rxd3 31. Rc5 Rd5 32. Rac1 Re4 33. Ne3 Rxc5 34. bxc5 Re5 35. Kf1 c6 36. Rc4 {The position is equal.} Nd7 37. Nc2 Rxc5 38. Rxc5 {Accuracy: White = 69%, Black = 63%.} 1/2-1/2

[Event "Groningen Festival 2018"]
[Site "Groningen"]
[Date "2018.12.23"]
[Round "3"]
[White "Ladva, Ottomar"]
[Black "Kollen, Zyon"]
[Result "1-0"]
[WhiteElo "2497"]
[BlackElo "2363"]
[Annotator "TA"]
[PlyCount "93"]
[EventDate "2018.12.22"]
[EventType "swiss"]
[EventCountry "NED"]
[SourceTitle "playchess.com"]
[Source "ChessBase"]
[SourceQuality "1"]

{[%evp 13,93,-31,-27,-29,-22,-22,-23,-27,12,0,14,0,2,-28,77,41,35,36,37,45,36,41,45,45,34,-97,-87,-121,-129,-118,-103,-146,-79,-125,-139,-101,-101,-95,-109,-97,-102,-102,-96,-78,-45,-76,-28,-41,32,-33,-9,-16,-16,-23,-31,-39,-67,-64,0,-8,2479,2379,29962,29964,29953,29946,6215,6207,5310,5297,29979,29980,29980,29981,29981,29982,29982,29983,29983,29984,29984,29985]} 1. c4 e6 2. Nc3 d5 3. d4 c6 4. Nf3 dxc4 5. g3 Nf6 6. Bg2 b5 7. Bg5 {E04: Open Catalan: 5 Nf3} (7. O-O Bb7 8. Ne5 a6 9. b3 b4 10. Ne4 Nxe4 11. Bxe4 c3 12. a3 a5 13. axb4 Bxb4 14. Qd3 Qe7 15. Bxh7 Nd7 16. Be4 Nxe5 17. dxe5 {0-1 (34) Mamedyarov,S (2761)-Harikrishna,P (2752) Baku 2016}) 7... Bb7 {LiveBook: 8 Games} 8. Bxf6 gxf6 9. O-O {The position is equal.} Nd7 10. a4 b4 $146 ({Predecessor:} 10... a6 11. e4 Qb6 12. Qc2 Be7 13. Rfe1 {1-0 (33) Rewitz,P (2263)-Molvig,H (2213) Silkeborg 2009}) 11. Ne4 a5 12. Qc2 Ba6 13. Nfd2 Nb6 (13... f5 $11 14. Nc5 Bxc5 15. dxc5 Qe7) 14. Nc5 Bxc5 $1 15. dxc5 Nd5 16. Nxc4 Bxc4 17. Qxc4 f5 {[%cal Bf6f5,Bf5g4][%mdl 32]} 18. Qd4 O-O 19. g4 (19. Rad1 $14 {keeps the upper hand.}) 19... Qh4 $1 $17 20. f4 fxg4 (20... Qxg4 $6 21. Rf3 $11) 21. e4 Ne7 22. Rad1 {[#]} Ng6 (22... Rad8 $142 $1 {[%mdl 512]} 23. Qf2 (23. Qxd8 Rxd8) 23... Qxf2+ 24. Kxf2 Ng6) 23. e5 Rad8 24. Qe3 Ne7 25. Rd6 Nf5 26. Qf2 Qxf2+ 27. Kxf2 Nxd6 28. exd6 {[%mdl 4096] Endgame KRR-KRB} Rc8 29. Re1 Rfd8 30. Kg3 Kf8 ({Better is} 30... h5 $15) 31. Kxg4 (31. f5 $14) 31... Ke8 {aiming for ...Kd7.} 32. Kg5 $1 Kd7 {And now ...Rg8+ would win.} 33. Kf6 $1 Rg8 34. Bh3 {[%cal Re1e6] Threatens to win with Rxe6!} Rcf8 {...Rg6+ is the strong threat.} 35. f5 $1 Re8 {[#]} (35... h6 $15) 36. Rxe6 $1 {[%mdl 512]} Rgf8 $2 {[%mdl 8192]} (36... fxe6 37. fxe6+ Kc8 38. e7+ Kb7 39. Be6 $18) (36... b3 $11) 37. Rxe8 $18 Kxe8 {KR-KB} 38. Kg7 f6 39. Bg2 Rf7+ 40. Kh6 Kd7 41. Bf1 Ke8 42. Bc4 {White mates.} Rb7 {[#]} 43. b3 $1 Kf8 44. Be6 Ra7 45. h4 {[%cal Bh2h4,Bh4h5][%mdl 32]} Rb7 46. h5 Ra7 47. d7 {Accuracy: White = 59%, Black = 41%.} 1-0

[Event "Groningen Festival 2018"]
[Site "Groningen"]
[Date "2018.12.23"]
[Round "3"]
[White "Beerdsen, Thomas"]
[Black "Kabos, Tobias"]
[Result "1-0"]
[WhiteElo "2477"]
[BlackElo "2299"]
[Annotator "TA"]
[PlyCount "59"]
[EventDate "2018.12.22"]
[EventType "swiss"]
[EventCountry "NED"]
[SourceTitle "playchess.com"]
[Source "ChessBase"]
[SourceQuality "1"]

{[%evp 10,59,29,18,25,18,35,0,16,-7,14,11,8,15,14,12,14,14,43,21,32,35,30,28,41,34,33,3,42,25,21,7,39,34,107,56,65,73,142,141,254,258,243,131,343,343,335,272,256,261,689,684]} 1. e4 c5 2. Nf3 d6 3. Nc3 a6 4. g3 e5 (4... Nc6 5. Bg2 Bg4 6. h3 Bxf3 7. Bxf3 g6 8. Bg2 Bg7 9. O-O Nf6 10. d3 O-O 11. Bg5 Rc8 12. Qd2 Qa5 13. Nd1 Qxd2 14. Bxd2 {½-½ (59) Artemiev,V (2706)-Nepomniachtchi,I (2759) Sochi 2018}) 5. Bg2 Nf6 6. d3 {LiveBook: 3 Games. B50: Sicilian: 2...d6, Miscellaneous} Be7 7. O-O O-O 8. a4 {White is slightly better.} Nc6 9. h3 Re8 $146 ({Predecessor:} 9... Bd7 10. Nd2 Qc8 11. Nc4 Qc7 12. f4 Nd4 {1-0 (37) Fulgenzi,E (2358)-Ochelli,F (1806) Villa Ballester 2008}) 10. Nd2 Rb8 11. Nc4 b5 12. axb5 axb5 13. Ne3 g6 14. Kh2 Nd4 {[%cal Bc6d4,Bd4e6,Be6c7][%mdl 32]} 15. Ncd5 Nxd5 16. Nxd5 Bf8 17. c3 Ne6 18. f4 Nc7 19. Ne3 $36 {[%mdl 2048] White fights for an advantage.} exf4 20. gxf4 {[%cal Bg3f4,Bf4f5][%mdl 32]} Bg7 21. f5 Bb7 (21... d5 $14) 22. Ra7 (22. Qf3 $16) 22... d5 {[%cal Rd5e4]} 23. Ng4 dxe4 (23... Qd6+ $142 24. e5 (24. Bf4 Qb6 $11) 24... Qb6 25. fxg6 fxg6) 24. dxe4 $16 {[%cal Bd3e4,Be4f5,Bf5f6][%mdl 32]} gxf5 (24... b4 $16) 25. Qxd8 $18 Rexd8 {[#]} 26. Bf4 ({Don't do} 26. Rxf5 $6 Ne6 $16) (26. exf5 $6 Bxg2 27. Kxg2 h5) ({Only move:} 26. Nh6+ $1 $18 Bxh6 27. Bxh6 fxe4 28. Rg1) 26... Rd7 $2 (26... fxg4 $16 {was worth a try.} 27. Bxc7 gxh3) 27. exf5 Bxg2 28. Kxg2 Rc8 29. f6 h5 $2 {[#]} (29... Bf8 30. Rf3 h6) 30. Ne5 {Accuracy: White = 54%, Black = 24%.} ({Weaker is} 30. fxg7 hxg4 31. hxg4 f6 $18) 1-0